Manipulace, skladování, balení

Guardado en:
Detalles Bibliográficos
Formato: Seriadas
Lenguaje:checo
Publicado: Praha Státní nakladatelství technické literatury
Etiquetas: Agregar Etiqueta
Sin Etiquetas, Sea el primero en etiquetar este registro!

MARC

LEADER 00000nas1a22000001 4500
001 s120430
005 20250730114818.4
022 |a 0323-1593 
041 0 |a cze 
044 |a CZ 
245 1 0 |a Manipulace, skladování, balení 
264 1 |a Praha  |b Státní nakladatelství technické literatury